MODERN METHODS OF ORGANIC SYNTHESIS (Record no. 9298)
[ view plain ]
| 000 -LEADER | |
|---|---|
| fixed length control field | 00517nam a22001697a 4500 |
| 003 - CONTROL NUMBER IDENTIFIER | |
| control field | SGT |
| 020 ## - INTERNATIONAL STANDARD BOOK NUMBER | |
| International Standard Book Number | 9781107567450 |
| 082 ## - DEWEY DECIMAL CLASSIFICATION NUMBER | |
| Classification number | 547.2,CAR |
| 100 ## - MAIN ENTRY--PERSONAL NAME | |
| Personal name | CARRUTHERS,WILLIAM |
| 245 ## - TITLE STATEMENT | |
| Title | MODERN METHODS OF ORGANIC SYNTHESIS |
| 250 ## - EDITION STATEMENT | |
| Edition statement | 4TH |
| 260 ## - PUBLICATION, DISTRIBUTION, ETC. (IMPRINT) | |
| Place of publication, distribution, etc | NEW DELHI |
| Name of publisher, distributor, etc | CAMBRIDGE |
| Year of Publication | 2015 |
| 300 ## - PAGE DESCRIPTION | |
| No. of Pages | 493 |
| 650 ## - SUBJECT ADDED ENTRY--TOPICAL TERM | |
| Topical term or geographic name as entry element | ORGANIC CHEMICAL REACTION |
| 653 ## - KEYWORDS--INDEX TERM | |
| Keyword term | MAIN-GROUP CHEMISTRY,FORMATION OF CARBON-CARBON DOUBLE BONDS,PERICYCLIC REACTIONS,RADICAL AND CARBENE CHEMISTRY,OXIDATION,REDUCTION, |
| 942 ## - ADDED ENTRY ELEMENTS (KOHA) | |
| Source of classification or shelving scheme | Dewey Decimal Classification |
| Koha item type | FPS Books |
| 942 ## - ADDED ENTRY ELEMENTS (KOHA) | |
| -- | 25 |
| Withdrawn status | Lost status | Source of classification or shelving scheme | Damaged status | Not for loan | Collection code | Home library | Current library | Shelving location | Date acquired | Vendor Name | Cost, normal purchase price | SGTU | Bill Number | Total Checkouts | Full call number | Accession No. (Barcode) | Date last seen | Date last borrowed | Bill Date | Koha item type |
|---|---|---|---|---|---|---|---|---|---|---|---|---|---|---|---|---|---|---|---|---|
| Dewey Decimal Classification | SCIENCE | SGT Science & Social Sciences Library | SGT Science & Social Sciences Library | Text Book | 28/06/2016 | KRITI PRAKASHAN | 495.00 | SGTU | 3151 | 30 | 547.2,CAR | PS1203 | 09/11/2024 | 29/10/2024 | 19/10/2015 | FPS Books | ||||
| Dewey Decimal Classification | Not For Loan | SCIENCE | SGT Science & Social Sciences Library | SGT Science & Social Sciences Library | Reference Book | 28/06/2016 | KRITI PRAKASHAN | 495.00 | SGTU | 3151 | 547.2,CAR | PS1204 | 28/06/2016 | 19/10/2015 | FPS Books |